000 nam a22 7a 4500
999 _c27833
_d27833
008 170210b xxu||||| |||| 00| 0 eng d
020 _a9780495012429
050 _aQA303.2 .H37 2008
100 _aStewart,James
245 _aCalculus :
_b early transcendentals /
_cJames Stewart
250 _a6th ed.
260 _aAustralia :
_bBrooks/Cole, cop. ,
_c 2008.
300 _avarious paging. :
_bill. ;
_c28cm.
942 _2lcc
_cBOOKS
_hQA303.2 .H37 2008